00539nam a2200181Ia 450000500170000000800410001702000140005804000190007204100120009108200160010310000260011924500750014526000480022030000100026850400500027865000190032885000100034720220920092249.0131103s9999 xx 000 0 und d cRs.110.00 aLoreto College aEnglish a954.02bANS aAnsari,Muhammad Azhar aSocial life of the Mughal emperorsb 1526-1707 cMuhammad Azhar Ansari aNew DelhibGitanjali Publishing Housec1983 a230p  aIncludes bibliographical references and index aMughal history aLCLIB